<?xml version="1.0" encoding="UTF-8"?><?xml-stylesheet type="text/xsl" href="static/style.xsl"?><OAI-PMH xmlns="http://www.openarchives.org/OAI/2.0/" xmlns:xsi="http://www.w3.org/2001/XMLSchema-instance" xsi:schemaLocation="http://www.openarchives.org/OAI/2.0/ http://www.openarchives.org/OAI/2.0/OAI-PMH.xsd"><responseDate>2026-06-03T00:43:28Z</responseDate><request verb="GetRecord" identifier="oai:riuma.uma.es:10630/8700" metadataPrefix="marc">https://riuma.uma.es/rest/oai/request</request><GetRecord><record><header><identifier>oai:riuma.uma.es:10630/8700</identifier><datestamp>2026-02-03T11:57:36Z</datestamp><setSpec>com_10630_2254</setSpec><setSpec>col_10630_37959</setSpec></header><metadata><record xmlns="http://www.loc.gov/MARC21/slim" xmlns:dcterms="http://purl.org/dc/terms/" xmlns:doc="http://www.lyncode.com/xoai" xmlns:xsi="http://www.w3.org/2001/XMLSchema-instance" xsi:schemaLocation="http://www.loc.gov/MARC21/slim http://www.loc.gov/standards/marcxml/schema/MARC21slim.xsd">
   <leader>00925njm 22002777a 4500</leader>
   <datafield ind2=" " ind1=" " tag="042">
      <subfield code="a">dc</subfield>
   </datafield>
   <datafield ind2=" " ind1=" " tag="720">
      <subfield code="a">González-Monroy, Javier</subfield>
      <subfield code="e">author</subfield>
   </datafield>
   <datafield ind2=" " ind1=" " tag="720">
      <subfield code="a">González-Jiménez, Antonio Javier</subfield>
      <subfield code="e">author</subfield>
   </datafield>
   <datafield ind2=" " ind1=" " tag="720">
      <subfield code="a">Sánchez-Garrido, José Carlos</subfield>
      <subfield code="e">author</subfield>
   </datafield>
   <datafield ind2=" " ind1=" " tag="260">
      <subfield code="c">2015-01-26</subfield>
   </datafield>
   <datafield ind2=" " ind1=" " tag="520">
      <subfield code="a">This work describes an application for monitoring volatile organic compounds (VOCs) in urban areas, likely coming from residential waste or the public sewage system. The objective is to obtain a spatial and temporal representation of such odors by means of a gas distribution map, from which valuable information such as the location, or the time-intervals of maximum strength of the nuisance odors can be inferred. The necessary data: chemical, temporal and spatial; is provided by a GPS and a specific e-nose  accommodating eight metal oxide (MOX) gas sensors, both mounted on a bicycle.&#xd;
The results of a monitoring campaign carried out in a town in southern Spain are presented. The campaign comprises nine measurement runs distributed along three consecutive days, with a total path of more than 90Km. Fig.1 shows an illustrative example of the data collected during this process, and the generated geo-referenced gas distribution maps. As can be appreciated, the chemical, temporal and spatial data are successfully merged to obtain representative information about the presence of VOCs in the urban area. A deeper analysis comprising the study of the areas showing the higher VOCs concentration, as well as the temporal variability among the different days and hours within the day are also provided.</subfield>
   </datafield>
   <datafield ind1="8" ind2=" " tag="024">
      <subfield code="a">http://hdl.handle.net/10630/8700</subfield>
   </datafield>
   <datafield ind1="8" ind2=" " tag="024">
      <subfield code="a">http://orcid.org/0000-0003-3845-3497</subfield>
   </datafield>
   <datafield tag="653" ind2=" " ind1=" ">
      <subfield code="a">Olores</subfield>
   </datafield>
   <datafield tag="653" ind2=" " ind1=" ">
      <subfield code="a">Detectores</subfield>
   </datafield>
   <datafield ind2="0" ind1="0" tag="245">
      <subfield code="a">Creating maps of  VOC odors in urban areas by cycling with a portable e-nose</subfield>
   </datafield>
</record>
</metadata></record></GetRecord></OAI-PMH>